000 01194nam a22002777a 4500
003 OSt
005 20250410112828.0
008 240912b ||||| |||| 00| 0 eng d
040 _c0
082 _aDPer 621.317 Ie21 December 2022 v.37 n. 12 part 1&2.
100 _aLund, Torsten.
_eauthor.
_960895
245 _aOperating wind power plants under weak grid conditions considering voltage stability constraints /
_cTorsten Lund, Heng Wu, Hamid Soltani, John Godak Nielsn, Gert Karmisholt, and Xiongfei Wang.
260 _aNew York ;
_bThe Institute of Electrical and Electronics Engineers, Inc.,
_cDecember 2022.
300 _avolume 37, pages 15482-15492,
_billustration.
500 _aIEEE Transactions on Power Electronics, v. 37 n. 12, pages 15482-15492, December 2022.
650 0 _aControl.
_966296
650 0 _astability.
_966297
650 0 _awind power plants (WPPs).
_966298
700 _aLund, Torsten.
_eauthor.
_960895
700 _aWu, Heng.
_eauthor.
_960896
700 _aSoltani, Hamid.
_eauthor.
_960897
700 _aNielsn, John Godak.
_eauthor.
_960898
700 _aKarmisholt, Gert.
_eauthor.
_960899
700 _aWang, Xiongfei,.
_eauthor.
_960900
942 _2ddc
_cPER
999 _c21571
_d21571